000
00335nam a22001457a 4500
008
230927b ||||| |||| 00| 0 eng d
020
_a
9780415910279
041
_a
eng
080
_a
618
082
_a
618FIN
100
_a
15
101
_a
GJINEKO
245
_a
THE NEUTERED MOTHER THE SEXUAL FAMILY
_c
FINEMAN.A.M
942
_2
udc
_c
BK
999
_c
60410
_d
60410